Emoce pod maskou : poznám, co si myslíš, podle toho, jak se tváříš /

Hlavní autor: Ekman, Paul, 1934-2025
Další autoři: Friesen, Wallace V., Fadrný, Jiří
Jazyk: Čeština
Vydáno: Brno : BizBooks, 2015
Vydání: I. vydání
Témata:
Fyzický popis: 209 stran, 1 nečíslovaná strana obrazové přílohy : ilustrace ; 23 cm
Knihy
Uloženo v:
LEADER 01906nam a2200529 i 4500
001 nkc20152749020
003 CZ PrNK
005 20151124101548.0
007 ta
008 151026s2015 xr af f 001 0 cze
015 |a cnb002749020 
020 |a 978-80-265-0422-1  |q (brožováno) 
035 |a (OCoLC)932001059 
040 |a BOA001  |b cze  |d ABA001  |e rda 
041 1 |a cze  |h eng 
072 7 |a 316.4/.7  |x Sociální interakce. Sociální komunikace  |2 Konspekt  |9 18 
080 |a 159.942  |2 MRF 
080 |a 159.925.8  |2 MRF 
080 |a 316.772.2  |2 MRF 
080 |a (048.8)  |2 MRF 
100 1 |a Ekman, Paul,  |d 1934-2025  |7 jcu2010600093  |4 aut 
240 1 0 |a Unmasking the face.  |l Česky 
245 1 0 |a Emoce pod maskou :  |b poznám, co si myslíš, podle toho, jak se tváříš /  |c Paul Ekman a Wallace V. Friesen ; překlad: Jiří Fadrný 
250 |a I. vydání 
264 1 |a Brno :  |b BizBooks,  |c 2015 
300 |a 209 stran, 1 nečíslovaná strana obrazové přílohy :  |b ilustrace ;  |c 23 cm 
336 |a text  |b txt  |2 rdacontent 
337 |a bez média  |b n  |2 rdamedia 
338 |a svazek  |b nc  |2 rdacarrier 
500 |a Přeloženo z angličtiny 
504 |a Obsahuje bibliografii a rejstřík 
650 0 7 |a emoce  |7 ph114465  |2 czenas 
650 0 7 |a mimika  |7 ph138904  |2 czenas 
650 0 7 |a nonverbální komunikace  |7 ph115459  |2 czenas 
650 0 9 |a emotions  |2 eczenas 
650 0 9 |a mimic  |2 eczenas 
650 0 9 |a nonverbal communication  |2 eczenas 
655 7 |a monografie  |7 fd132842  |2 czenas 
655 9 |a monographs  |2 eczenas 
700 1 |a Friesen, Wallace V.  |7 mzk2015890756  |4 aut 
700 1 |a Fadrný, Jiří  |7 xx0069799  |4 trl 
910 2 |a BOA001  |b 2-1354.897 
928 9 |a Albatros Media - BizBooks 
990 |a BK 
995 |a 01 
991 |b 201511  |c NOV  |e n 
996 6 |b 2610648374  |c 2-1354.897  |l Stud. humanitních věd/4.patr  |r Sklad / do 1 hodiny  |n 17  |p p.v.  |w 001529219  |u 000010  |a 1  |e BOA001  |j MZK50  |s P